000 00454nam a2200181Ia 4500
001 13634
005 20260306164815.0
008 260306t1998||||xx |||||||||||||| ||spa||
041 _aESP
082 _a005.1
_bP85 1998
100 _aPressman, Roger S.
_eAUT
245 0 _aIngeniería del software:
_bun enfoque práctico
260 _c1998
300 _axxiv, 581 páginas :
_c20 cm.
650 _aGEN
654 _aCCC
942 _cLIB
_dJUS
_fJUS
_2ddc
_n
999 _c13634
_d13634